00461nam a2200145Ia 4500100002700000942000700027654001300034245004200047260003500089082001500124300000800139546001200147999001700159952013900176 aPinson/ L.J. & Others  cRB aComputer aFirst Course in Compsc with Modula 2 bJohn wiley pubaNew Yorkc1987 a005.13 'W' a510 aENGLISH c33737d33737 001040708CRCaCRCEbCRCEc1473 | 5d2023-03-17eglobal booksg327.00i146l0o005.13 'W' p5965r2023-03-17v327.00w2023-03-17yRB